[Event "25. Torneo Colllado Villalba"]
[Site "Collado Villalba ESP"]
[Date "2008.08.22"]
[Round "1.6"]
[White "Roa Alonso, Santiago"]
[Black "Gordillo, Manuel"]
[Result "1-0"]
[WhiteElo "2465"]
[BlackElo "2022"]
[PlyCount "61"]
[EventDate "2008.08.22"]
[EventType "swiss"]
[EventRounds "9"]
[EventCountry "ESP"]
[Source "lmi"]
[SourceDate "2008.08.22"]

1. e4 e6 2. d4 d5 3. Nc3 Bb4 4. e5 c5 5. a3 Bxc3+ 6. bxc3 Qc7 7. Nf3 b6 8. Bb5+
Bd7 9. a4 Bxb5 10. axb5 a5 11. O-O h6 12. dxc5 Qxc5 13. Nd4 Ne7 14. Ba3 Qc8 15.
Qg4 g6 16. Qh4 Ra7 17. Bd6 Rh7 18. c4 dxc4 19. Ra4 Nd5 20. Bxb8 Qxb8 21. Nc6
Qa8 22. Nxa7 Qxa7 23. Rxc4 Qb8 24. Rd1 Kf8 25. Qd4 Kg7 26. Rc6 Rh8 27. c4 Nb4
28. Qf4 Rf8 29. Rxe6 Qc7 30. Qf6+ Kg8 31. Red6 1-0

[Event "25. Torneo Colllado Villalba"]
[Site "Collado Villalba ESP"]
[Date "2008.08.22"]
[Round "1.7"]
[White "Perez Pascual, Arturo"]
[Black "Pogorelov, Ruslan"]
[Result "0-1"]
[WhiteElo "2016"]
[BlackElo "2459"]
[PlyCount "100"]
[EventDate "2008.08.22"]
[EventType "swiss"]
[EventRounds "9"]
[EventCountry "ESP"]
[Source "lmi"]
[SourceDate "2008.08.22"]

1. e4 c5 2. Nf3 Nc6 3. d4 cxd4 4. Nxd4 Qc7 5. Nc3 e6 6. Be2 a6 7. O-O Nf6 8.
Be3 Bb4 9. Nxc6 bxc6 10. Bd3 d5 11. Bg5 Bxc3 12. bxc3 Nxe4 13. Bxe4 dxe4 14.
Qd4 f6 15. Be3 O-O 16. Qxe4 e5 17. Rab1 Be6 18. Bb6 Qf7 19. a4 Bd5 20. Qf5 Qg6
21. Qxg6 hxg6 22. a5 g5 23. Rfe1 Rab8 24. f3 Rfe8 25. Kf2 Kf7 26. h3 Rh8 27.
Rb4 Rh4 28. Kg3 Rxb4 29. cxb4 Rh8 30. Bc5 Rh4 31. Kf2 Rc4 32. Re2 Rc3 33. Rd2
Ke6 34. Re2 Kf5 35. Bd6 Rc4 36. Bc5 e4 37. fxe4+ Bxe4 38. c3 Rxc3 39. Bd6 Bd5
40. Bf8 Kg6 41. Bd6 Rc4 42. Bf8 Kf7 43. Bd6 Be6 44. Bc5 g4 45. hxg4 Rxg4 46. g3
Rg5 47. Rd2 Rf5+ 48. Ke3 Bd5 49. Rf2 Re5+ 50. Kd2 Rg5 0-1

[Event "25. Torneo Colllado Villalba"]
[Site "Collado Villalba ESP"]
[Date "2008.08.22"]
[Round "1.8"]
[White "Pozo Vera, Sandro"]
[Black "Saez Gabikagogeaskoa, Oscar"]
[Result "1-0"]
[WhiteElo "2454"]
[BlackElo "2014"]
[PlyCount "37"]
[EventDate "2008.08.22"]
[EventType "swiss"]
[EventRounds "9"]
[EventCountry "ESP"]
[Source "lmi"]
[SourceDate "2008.08.22"]

1. d4 Nf6 2. Nf3 c5 3. d5 b5 4. Bg5 Qb6 5. Bxf6 Qxf6 6. c3 g6 7. e4 Qb6 8. Nbd2
d6 9. a4 bxa4 10. Nc4 Qc7 11. Qxa4+ Nd7 12. e5 e6 13. dxe6 fxe6 14. Nxd6+ Bxd6
15. exd6 Qb7 16. Bb5 O-O 17. Bc6 Qxb2 18. O-O Nb6 19. Qh4 1-0

[Event "25. Torneo Colllado Villalba"]
[Site "Collado Villalba ESP"]
[Date "2008.08.22"]
[Round "1.9"]
[White "Tejedor Ariza, Francisco"]
[Black "Castellanos Rodriguez, Renier"]
[Result "0-1"]
[WhiteElo "2010"]
[BlackElo "2438"]
[PlyCount "82"]
[EventDate "2008.08.22"]
[EventType "swiss"]
[EventRounds "9"]
[EventCountry "ESP"]
[Source "lmi"]
[SourceDate "2008.08.22"]

1. e4 c5 2. Nf3 e6 3. d4 cxd4 4. Nxd4 a6 5. Bd3 Bc5 6. Nb3 Be7 7. O-O d6 8. Nc3
Nf6 9. a4 b6 10. Be3 Nbd7 11. f4 Bb7 12. Qe2 O-O 13. g4 g6 14. Rad1 Re8 15. h3
Qc7 16. Qf2 Bf8 17. Qg3 Bg7 18. Rfe1 Rac8 19. Bf2 Nc5 20. Nd2 d5 21. e5 Nfe4
22. Ndxe4 Nxe4 23. Nxe4 dxe4 24. Bxe4 Bxe4 25. Rxe4 Qxc2 26. Qd3 Qxb2 27. Qxa6
Qb3 28. Rd3 Qb1+ 29. Re1 Qb4 30. Rf3 Rc3 31. Rxc3 Qxc3 32. Re3 Qc1+ 33. Qf1 Qc2
34. Qb5 Ra8 35. Qxb6 Rxa4 36. Rf3 Rxf4 37. Qd8+ Bf8 38. Rxf4 Qc1+ 39. Kg2 Qxf4
40. Bc5 Qe4+ 41. Kf1 Qc4+ 0-1

[Event "25. Torneo Colllado Villalba"]
[Site "Collado Villalba ESP"]
[Date "2008.08.22"]
[Round "1.10"]
[White "Guliev, Logman"]
[Black "Rodriguez De Robles, Ignacio"]
[Result "1-0"]
[WhiteElo "2436"]
[BlackElo "2006"]
[PlyCount "61"]
[EventDate "2008.08.22"]
[EventType "swiss"]
[EventRounds "9"]
[EventCountry "ESP"]
[Source "lmi"]
[SourceDate "2008.08.22"]

1. e4 g6 2. d4 Bg7 3. Nc3 c6 4. Bc4 d6 5. Qf3 f5 6. Bxg8 Rxg8 7. Nge2 Qb6 8.
O-O Bxd4 9. Na4 Qb4 10. c3 Bxf2+ 11. Qxf2 Qxa4 12. Nd4 e5 13. exf5 Rf8 14. Bh6
Rxf5 15. Nxf5 Bxf5 16. b3 Qg4 17. h3 Qh5 18. Bd2 Nd7 19. g4 Bxg4 20. hxg4 Qxg4+
21. Qg2 Qxg2+ 22. Kxg2 Ke7 23. Bh6 d5 24. Rf2 e4 25. Raf1 Ne5 26. Bg5+ Kd7 27.
Rf8 Rxf8 28. Rxf8 c5 29. Bf4 Nd3 30. Be3 h5 31. Rf7+ 1-0

[Event "25. Torneo Colllado Villalba"]
[Site "Collado Villalba ESP"]
[Date "2008.08.22"]
[Round "1.12"]
[White "Petkov, Vladimir"]
[Black "Lopez Ayala, Pedro"]
[Result "1-0"]
[WhiteElo "2423"]
[BlackElo "2004"]
[PlyCount "67"]
[EventDate "2008.08.22"]
[EventType "swiss"]
[EventRounds "9"]
[EventCountry "ESP"]
[Source "lmi"]
[SourceDate "2008.08.22"]

1. d4 Nf6 2. c4 e6 3. Nc3 Bb4 4. e3 Ne4 5. Bd2 Bxc3 6. Bxc3 b6 7. Qg4 Nf6 8.
Qxg7 Rg8 9. Qh6 d6 10. f3 Nbd7 11. e4 e5 12. Ne2 Rg6 13. Qd2 Nh5 14. O-O-O Bb7
15. g4 Ng7 16. h4 h6 17. Bh3 Ne6 18. d5 Nef8 19. f4 Qe7 20. g5 hxg5 21. fxg5
O-O-O 22. Ng3 Nh7 23. Rdf1 Kb8 24. Nf5 Qe8 25. Bg4 Nc5 26. Qe2 Qa4 27. b3 Qa3+
28. Kb1 a5 29. Bb2 Qb4 30. Rh3 Nd7 31. Bh5 Ba6 32. Ne7 Qc5 33. Nc6+ Kc8 34.
Rxf7 1-0

[Event "25. Torneo Colllado Villalba"]
[Site "Collado Villalba ESP"]
[Date "2008.08.22"]
[Round "1.13"]
[White "Serrano Nunez, Dario"]
[Black "Sanchez Guirado, Francisco"]
[Result "0-1"]
[WhiteElo "2001"]
[BlackElo "2415"]
[PlyCount "102"]
[EventDate "2008.08.22"]
[EventType "swiss"]
[EventRounds "9"]
[EventCountry "ESP"]
[Source "lmi"]
[SourceDate "2008.08.22"]

1. e4 c5 2. c4 g6 3. Nf3 Bg7 4. d4 cxd4 5. Nxd4 Nc6 6. Be3 Nf6 7. Nc3 O-O 8.
Be2 b6 9. O-O Bb7 10. Nb3 d6 11. f3 Rc8 12. Rc1 Qd7 13. Qd2 Rfd8 14. Rfd1 Ne5
15. Nd5 Ne8 16. Bg5 f6 17. Be3 g5 18. Bd4 e6 19. Ne3 Ng6 20. g3 Qa4 21. Bc3 e5
22. Qc2 Nc7 23. Nd2 Qe8 24. Ndf1 Ne6 25. Nf5 Bf8 26. N1e3 Kf7 27. Rd2 Ba6 28.
Rcd1 Qc6 29. Bb4 Nc5 30. Bxc5 Qxc5 31. Rd5 Qc6 32. Qd3 Ke6 33. b4 Qc7 34. Qb3
Kf7 35. Kf2 Nh8 36. c5 Bxe2 37. Kxe2 Kg6 38. cxd6 Qd7 39. R1d2 Nf7 40. Qd3 Re8
41. Ng4 Re6 42. Nge3 Nd8 43. Ne7+ Kf7 44. Nxc8 Qxc8 45. Nf5 Qd7 46. Rc2 Kg6 47.
g4 Re8 48. a3 Ne6 49. Kf2 Rd8 50. Rc7 Qe8 51. d7 Qf7 0-1

[Event "25. Torneo Colllado Villalba"]
[Site "Collado Villalba ESP"]
[Date "2008.08.22"]
[Round "1.14"]
[White "Gallardo Garcia, Andres"]
[Black "Andreeva, Arina"]
[Result "1-0"]
[WhiteElo "2408"]
[BlackElo "2001"]
[PlyCount "73"]
[EventDate "2008.08.22"]
[EventType "swiss"]
[EventRounds "9"]
[EventCountry "ESP"]
[Source "lmi"]
[SourceDate "2008.08.22"]

1. e4 e6 2. d4 d5 3. e5 c5 4. c3 Qb6 5. Nf3 Nc6 6. a3 c4 7. Nbd2 Na5 8. Be2 Bd7
9. O-O Ne7 10. Rb1 Nec6 11. Qc2 Be7 12. h4 f6 13. h5 fxe5 14. Nxe5 Nxe5 15.
dxe5 O-O-O 16. Bg4 Nb3 17. Nxb3 cxb3 18. Qd1 Bc5 19. Bf4 Bb5 20. Be2 Bxe2 21.
Qxe2 Rhf8 22. Bg3 Rf7 23. Kh1 g6 24. Bh4 Be7 25. Bxe7 Rxe7 26. Rbd1 Rf7 27. Rd4
gxh5 28. Qxh5 Rf5 29. Qe2 Qc7 30. f4 Qg7 31. g4 Rf7 32. c4 Qh6+ 33. Kg2 Qg6 34.
cxd5 Qc2 35. Qxc2+ bxc2 36. d6 Rc7 37. Rc1 1-0

[Event "25. Torneo Colllado Villalba"]
[Site "Collado Villalba ESP"]
[Date "2008.08.22"]
[Round "1.15"]
[White "Rodrigo Yanguas, Maria"]
[Black "Candela Perez, Jose"]
[Result "0-1"]
[WhiteElo "1999"]
[BlackElo "2407"]
[PlyCount "106"]
[EventDate "2008.08.22"]
[EventType "swiss"]
[EventRounds "9"]
[EventCountry "ESP"]
[Source "lmi"]
[SourceDate "2008.08.22"]

1. e4 c5 2. Nf3 d6 3. d4 cxd4 4. Nxd4 Nf6 5. Nc3 a6 6. Be2 Nbd7 7. f4 e5 8. Nf5
Nc5 9. Ng3 Qb6 10. Rb1 Bd7 11. Be3 exf4 12. Bxf4 Ne6 13. Bc1 g6 14. Nd5 Nxd5
15. exd5 Nc7 16. c4 Bg7 17. Qb3 Qxb3 18. axb3 Be5 19. Bd3 O-O 20. Ne2 b5 21.
O-O Rab8 22. Kh1 Rb7 23. Ng1 bxc4 24. bxc4 Rfb8 25. Rf2 Bd4 26. Re2 Bg4 27. Re4
Bxg1 28. Kxg1 Rb3 29. Re3 Rxd3 30. Rxd3 Bf5 31. Rd1 Bxb1 32. Bf4 Rxb2 33. Bxd6
Ne8 34. Be5 Re2 35. Bg3 Bf5 36. c5 Rc2 37. c6 Be4 38. d6 Bxc6 39. d7 Bxd7 40.
Rxd7 Re2 41. Bf4 Kg7 42. Ra7 Re6 43. Bd2 Nf6 44. Bc3 g5 45. Kf1 Kg6 46. h3 h5
47. Bb2 h4 48. Kf2 Nd5 49. Kf3 f6 50. Ra8 Nf4 51. Bc1 Nd3 52. Ba3 Rc6 53. Kg4
Ne5# 0-1

[Event "25. Torneo Colllado Villalba"]
[Site "Collado Villalba ESP"]
[Date "2008.08.22"]
[Round "1.16"]
[White "Guerra Bastida, Diego"]
[Black "Heras Cuencas, Miguel Angel"]
[Result "1/2-1/2"]
[WhiteElo "2402"]
[BlackElo "1996"]
[PlyCount "101"]
[EventDate "2008.08.22"]
[EventType "swiss"]
[EventRounds "9"]
[EventCountry "ESP"]
[Source "lmi"]
[SourceDate "2008.08.22"]

1. e4 e5 2. Nf3 Nf6 3. Nc3 Nc6 4. Bb5 Bb4 5. O-O O-O 6. d3 Bxc3 7. bxc3 d6 8.
Bg5 Qe7 9. Re1 Nd8 10. d4 Ne6 11. Bc1 Rd8 12. Bf1 Nf8 13. g3 Bg4 14. h3 Bxf3
15. Qxf3 h6 16. Rb1 c6 17. h4 b6 18. Bh3 N6h7 19. Be3 Ne6 20. Rbd1 Qf6 21. Qg2
g5 22. h5 Kh8 23. Bf5 Nf4 24. Qh2 Ne6 25. Kh1 c5 26. d5 Ng7 27. Bg4 Qe7 28. Qh3
Nf6 29. Bf5 Nxf5 30. exf5 Qd7 31. Bc1 g4 32. Qh4 Qxf5 33. Bxh6 Qxh5 34. Bg5
Qxh4+ 35. Bxh4 Kg7 36. Re3 Rd7 37. f3 Rh8 38. Kg2 gxf3+ 39. Rxf3 Rh6 40. c4 Rg6
41. Re1 Nh7 42. Rf5 f6 43. Kf3 Ng5+ 44. Ke3 Nh7 45. Ref1 Rf7 46. a4 Rg4 47. Kd3
Ng5 48. Bxg5 Rxg5 49. Rxg5+ fxg5 50. Rxf7+ Kxf7 51. g4 1/2-1/2

[Event "25. Torneo Colllado Villalba"]
[Site "Collado Villalba ESP"]
[Date "2008.08.22"]
[Round "1.17"]
[White "Castejon Caballero, Andres"]
[Black "Vassallo Barrochz, Mauricio"]
[Result "0-1"]
[WhiteElo "1993"]
[BlackElo "2398"]
[PlyCount "68"]
[EventDate "2008.08.22"]
[EventType "swiss"]
[EventRounds "9"]
[EventCountry "ESP"]
[Source "lmi"]
[SourceDate "2008.08.22"]

1. e4 c5 2. Nf3 g6 3. c4 Bg7 4. d4 cxd4 5. Nxd4 Nc6 6. Be3 Nf6 7. Nc3 O-O 8.
Be2 b6 9. g4 Bb7 10. f3 Rc8 11. Qd2 e6 12. Nxc6 Bxc6 13. h4 d5 14. exd5 exd5
15. O-O-O dxc4 16. Qxd8 Rfxd8 17. Rxd8+ Rxd8 18. Rd1 Rxd1+ 19. Kxd1 Nd5 20.
Nxd5 Bxd5 21. Kc2 f5 22. b3 fxg4 23. fxg4 Be4+ 24. Kc1 cxb3 25. axb3 Bc3 26.
Bg5 Kf7 27. Bc4+ Kf8 28. Bh6+ Ke7 29. Bg8 Be1 30. Bg5+ Kf8 31. Be6 b5 32. Kb2
b4 33. Bd8 Bc6 34. Ka2 h6 0-1

[Event "25. Torneo Colllado Villalba"]
[Site "Collado Villalba ESP"]
[Date "2008.08.22"]
[Round "1.18"]
[White "Ortiz Suarez, Isam"]
[Black "Collado Barbas, Laura"]
[Result "1-0"]
[WhiteElo "2392"]
[BlackElo "1983"]
[PlyCount "33"]
[EventDate "2008.08.22"]
[EventType "swiss"]
[EventRounds "9"]
[EventCountry "ESP"]
[Source "lmi"]
[SourceDate "2008.08.22"]

1. e4 e6 2. d4 d5 3. Nc3 Nc6 4. Nf3 Nf6 5. e5 Ne4 6. Bd3 Bb4 7. O-O Nxc3 8.
bxc3 Bxc3 9. Rb1 Bb4 10. Ng5 Be7 11. Qh5 Bxg5 12. Bxg5 Qd7 13. c3 Ne7 14. f4 b6
15. f5 a6 16. f6 g6 17. Qh6 1-0

[Event "25. Torneo Colllado Villalba"]
[Site "Collado Villalba ESP"]
[Date "2008.08.22"]
[Round "1.19"]
[White "Vazquez Torres, Adrian"]
[Black "Serrano Salvador, Eduardo"]
[Result "1/2-1/2"]
[WhiteElo "1981"]
[BlackElo "2341"]
[PlyCount "48"]
[EventDate "2008.08.22"]
[EventType "swiss"]
[EventRounds "9"]
[EventCountry "ESP"]
[Source "lmi"]
[SourceDate "2008.08.22"]

1. e4 c5 2. Nf3 e6 3. d4 cxd4 4. Nxd4 Nc6 5. Nc3 a6 6. Be2 Qc7 7. Be3 Nf6 8.
O-O Bb4 9. Na4 Bd6 10. f4 Nxe4 11. Nxc6 Qxc6 12. Qd4 Nf6 13. Rad1 Be7 14. Nb6
Rb8 15. Bf3 Qc7 16. Rd3 d5 17. c4 O-O 18. cxd5 exd5 19. Rc1 Qd8 20. Nxd5 Nxd5
21. Qxd5 Qxd5 22. Bxd5 Bf5 23. Rb3 b5 24. Rc7 Bf6 1/2-1/2

[Event "25. Torneo Colllado Villalba"]
[Site "Collado Villalba ESP"]
[Date "2008.08.22"]
[Round "1.20"]
[White "Elissalt Cardenas, Hector"]
[Black "Villanueva Arguinberri, Bruno"]
[Result "1-0"]
[WhiteElo "2329"]
[BlackElo "1981"]
[PlyCount "49"]
[EventDate "2008.08.22"]
[EventType "swiss"]
[EventRounds "9"]
[EventCountry "ESP"]
[Source "lmi"]
[SourceDate "2008.08.22"]

1. d4 Nf6 2. Nf3 e6 3. e3 d5 4. Nbd2 c5 5. c3 Nc6 6. Bd3 cxd4 7. exd4 Bd6 8.
O-O O-O 9. Re1 Qc7 10. Qe2 Nd7 11. c4 h6 12. c5 Be7 13. Nb3 b6 14. cxb6 Qxb6
15. Be3 Nb4 16. Bb1 Ba6 17. Qd2 Bc4 18. Ne5 Nf6 19. Bxh6 Bxb3 20. Bxg7 Bc2 21.
Nd7 Qb7 22. Bxf6 Bxf6 23. Nxf6+ Kg7 24. Qg5+ Bg6 25. Rxe6 1-0

[Event "25. Torneo Colllado Villalba"]
[Site "Collado Villalba ESP"]
[Date "2008.08.23"]
[Round "2.2"]
[White "Cao Armillas, Jesus"]
[Black "Vazquez Igarza, Renier"]
[Result "0-1"]
[WhiteElo "2170"]
[BlackElo "2540"]
[PlyCount "68"]
[EventDate "2008.08.22"]
[EventType "swiss"]
[EventRounds "9"]
[EventCountry "ESP"]
[Source "lmi"]
[SourceDate "2008.08.22"]

1. d4 d5 2. c4 e6 3. Nc3 c6 4. Nf3 dxc4 5. a4 Bb4 6. e3 b5 7. Bd2 a5 8. axb5
Bxc3 9. Bxc3 cxb5 10. b3 Bb7 11. bxc4 b4 12. Bb2 Nf6 13. Bd3 O-O 14. O-O Nbd7
15. Re1 Ne4 16. Qc2 f5 17. Red1 Qc7 18. Ne1 Nef6 19. f3 g6 20. Be2 Rfc8 21.
Rdc1 Qb6 22. Qb3 Kf7 23. Nd3 Bc6 24. c5 Qb7 25. Nf4 Nd5 26. Nxe6 a4 27. Qc4
Kxe6 28. e4 a3 29. Bxa3 Rxa3 30. Rab1 N7f6 31. exd5+ Nxd5 32. Bd3 Kf6 33. g4
Re8 34. gxf5 gxf5 0-1

[Event "25. Torneo Colllado Villalba"]
[Site "Collado Villalba ESP"]
[Date "2008.08.23"]
[Round "2.3"]
[White "Suba, Mihai"]
[Black "Labarta Gonzalez, Ivan B"]
[Result "1-0"]
[WhiteElo "2507"]
[BlackElo "2160"]
[PlyCount "109"]
[EventDate "2008.08.22"]
[EventType "swiss"]
[EventRounds "9"]
[EventCountry "ESP"]
[Source "lmi"]
[SourceDate "2008.08.22"]

1. Nc3 d5 2. e4 e6 3. Nf3 Nf6 4. e5 Nfd7 5. d4 a6 6. Bg5 Be7 7. Bxe7 Qxe7 8.
Bd3 c5 9. dxc5 Nc6 10. Qe2 h6 11. O-O-O Nxc5 12. Kb1 Bd7 13. Qe3 O-O-O 14. Ne2
Kb8 15. Ned4 Rc8 16. c3 Nxd3 17. Rxd3 Na5 18. b3 b5 19. Nc2 Nb7 20. b4 a5 21.
a3 Rc6 22. Kb2 Rhc8 23. Qd2 axb4 24. axb4 Ra6 25. Ra1 Rxa1 26. Kxa1 Rc6 27. Kb2
Ra6 28. Nfd4 Be8 29. Rg3 f6 30. Qe2 f5 31. f4 g6 32. Rh3 h5 33. Re3 Qc7 34. Qf2
Qe7 35. Re1 Nd8 36. Ra1 Rxa1 37. Nxa1 g5 38. fxg5 Qxg5 39. Nac2 Qe7 40. Nxb5
Bxb5 41. Qb6+ Kc8 42. Qxb5 Qc7 43. Qa6+ Kd7 44. Qe2 Nc6 45. Qxh5 Qxe5 46. Qf7+
Kc8 47. Qf8+ Kb7 48. b5 Na5 49. Qe7+ Kc8 50. Nd4 Qe1 51. Qxe6+ Qxe6 52. Nxe6
Nc4+ 53. Kb3 Ne3 54. Nf4 Kb7 55. h4 1-0

[Event "25. Torneo Colllado Villalba"]
[Site "Collado Villalba ESP"]
[Date "2008.08.23"]
[Round "2.4"]
[White "Ponce Lopez, Miguel"]
[Black "Babaev, Rashad"]
[Result "1/2-1/2"]
[WhiteElo "2170"]
[BlackElo "2484"]
[PlyCount "86"]
[EventDate "2008.08.22"]
[EventType "swiss"]
[EventRounds "9"]
[EventCountry "ESP"]
[Source "lmi"]
[SourceDate "2008.08.22"]

1. e4 c5 2. Nf3 d6 3. d4 cxd4 4. Nxd4 Nf6 5. Nc3 Nc6 6. Bc4 e6 7. O-O a6 8. Be3
Be7 9. Bb3 Na5 10. f4 Nxb3 11. axb3 O-O 12. Qf3 Qc7 13. g4 e5 14. Nf5 Bxf5 15.
exf5 Qc6 16. g5 Qxf3 17. Rxf3 Nd7 18. Nd5 Bd8 19. c4 f6 20. h4 e4 21. Rf2 fxg5
22. fxg5 Ne5 23. Rf4 h6 24. gxh6 Bxh4 25. hxg7 Rf7 26. f6 Bg5 27. Rf5 Bxf6 28.
Nxf6+ Kxg7 29. Nh5+ Kg6 30. Rxf7 Kxf7 31. Rf1+ Nf3+ 32. Kf2 Rh8 33. Rh1 b5 34.
Ng3 Rxh1 35. Nxh1 Ne5 36. Bd4 Nc6 37. Ke3 bxc4 38. Kxe4 cxb3 39. Nf2 Ke6 40.
Nd3 a5 41. Nf4+ Kd7 42. Nd5 Ke6 43. Bc3 a4 1/2-1/2

[Event "25. Torneo Colllado Villalba"]
[Site "Collado Villalba ESP"]
[Date "2008.08.23"]
[Round "2.5"]
[White "Blanco Sanchez, Jose Fernando"]
[Black "Roa Alonso, Santiago"]
[Result "0-1"]
[WhiteElo "2169"]
[BlackElo "2465"]
[PlyCount "82"]
[EventDate "2008.08.22"]
[EventType "swiss"]
[EventRounds "9"]
[EventCountry "ESP"]
[Source "lmi"]
[SourceDate "2008.08.22"]

1. c4 c5 2. Nf3 Nf6 3. d4 e6 4. Nc3 cxd4 5. Nxd4 Bb4 6. Bd2 Nc6 7. Nc2 Bc5 8.
e3 O-O 9. Be2 d5 10. O-O Qe7 11. cxd5 exd5 12. Nb5 a6 13. Nbd4 Ne4 14. Nxc6
bxc6 15. Nd4 Bd7 16. Rc1 Rfc8 17. Bd3 Bd6 18. Be1 c5 19. Ne2 Bc6 20. Ng3 Bxg3
21. hxg3 Rd8 22. Qg4 Bb5 23. Bxe4 Qxe4 24. Qxe4 dxe4 25. Rxc5 Bxf1 26. Kxf1
Rac8 27. Rxc8 Rxc8 28. Bc3 f5 29. Ke2 Kf7 30. f3 h5 31. Kf2 exf3 32. gxf3 g5
33. f4 g4 34. e4 fxe4 35. Ke3 Rc4 36. f5 h4 37. gxh4 g3 38. h5 Rc6 39. f6 Rc5
40. Bd4 Rxh5 41. Kxe4 g2 0-1

[Event "25. Torneo Colllado Villalba"]
[Site "Collado Villalba ESP"]
[Date "2008.08.23"]
[Round "2.7"]
[White "Semprun Martinez, Fernando"]
[Black "Pozo Vera, Sandro"]
[Result "0-1"]
[WhiteElo "2143"]
[BlackElo "2454"]
[PlyCount "56"]
[EventDate "2008.08.22"]
[EventType "swiss"]
[EventRounds "9"]
[EventCountry "ESP"]
[Source "lmi"]
[SourceDate "2008.08.22"]

1. e4 e6 2. d4 d5 3. Nc3 Bb4 4. e5 c5 5. a3 Bxc3+ 6. bxc3 Ne7 7. Qg4 Qc7 8.
Qxg7 Rg8 9. Qxh7 cxd4 10. Ne2 Nbc6 11. f4 Bd7 12. Qd3 dxc3 13. h4 O-O-O 14. h5
Nf5 15. Rh3 d4 16. Rb1 Kb8 17. h6 Rg6 18. h7 Rh8 19. Ng3 Nxg3 20. Rxg3 Rxh7 21.
Rxg6 fxg6 22. Qxg6 Rh1 23. Qe4 Qd8 24. g3 Qh8 25. Kf2 Qh2+ 26. Bg2 Rd1 27. g4
Qh4+ 28. Kf3 Na5 0-1

[Event "25. Torneo Colllado Villalba"]
[Site "Collado Villalba ESP"]
[Date "2008.08.23"]
[Round "2.8"]
[White "Castellanos Rodriguez, Renier"]
[Black "Erice Alonso, Santiago"]
[Result "1-0"]
[WhiteElo "2438"]
[BlackElo "2115"]
[PlyCount "59"]
[EventDate "2008.08.22"]
[EventType "swiss"]
[EventRounds "9"]
[EventCountry "ESP"]
[Source "lmi"]
[SourceDate "2008.08.22"]

1. e4 c5 2. Nf3 Nc6 3. Bb5 g6 4. Bxc6 dxc6 5. d3 Bg7 6. h3 Nf6 7. Nc3 O-O 8.
Bf4 Re8 9. Qd2 e5 10. Bh6 Qd6 11. O-O-O Be6 12. Kb1 Rad8 13. Bxg7 Kxg7 14. Qe3
b6 15. g4 Qe7 16. Ne2 Nd7 17. Rdg1 f6 18. h4 Nf8 19. b3 Bc8 20. g5 Ne6 21. h5
Nxg5 22. Nxg5 fxg5 23. Rxg5 Rd6 24. hxg6 Rxg6 25. Rxg6+ hxg6 26. Qh6+ Kf7 27.
f4 Bg4 28. Rg1 Bh5 29. Ng3 exf4 30. Nxh5 1-0

[Event "25. Torneo Colllado Villalba"]
[Site "Collado Villalba ESP"]
[Date "2008.08.23"]
[Round "2.9"]
[White "Lorite Cruz, Francisco"]
[Black "Guliev, Logman"]
[Result "0-1"]
[WhiteElo "2108"]
[BlackElo "2436"]
[PlyCount "46"]
[EventDate "2008.08.22"]
[EventType "swiss"]
[EventRounds "9"]
[EventCountry "ESP"]
[Source "lmi"]
[SourceDate "2008.08.22"]

1. e4 c5 2. f4 d5 3. exd5 Qxd5 4. Nc3 Qd8 5. Bb5+ Bd7 6. Bxd7+ Qxd7 7. Nf3 Nc6
8. d3 Nf6 9. Be3 e6 10. Ne4 Nd5 11. Bd2 Be7 12. O-O O-O 13. Qe2 Nd4 14. Nxd4
cxd4 15. c4 dxc3 16. bxc3 Rac8 17. c4 Nf6 18. Bc3 Nxe4 19. Qxe4 b5 20. f5 exf5
21. Rxf5 bxc4 22. Rd5 Qc6 23. Qg4 Bf6 0-1

[Event "25. Torneo Colllado Villalba"]
[Site "Collado Villalba ESP"]
[Date "2008.08.23"]
[Round "2.10"]
[White "Sriram, Jha"]
[Black "Martin Martin, Luis Vicente"]
[Result "0-1"]
[WhiteElo "2429"]
[BlackElo "2094"]
[PlyCount "106"]
[EventDate "2008.08.22"]
[EventType "swiss"]
[EventRounds "9"]
[EventCountry "ESP"]
[Source "lmi"]
[SourceDate "2008.08.22"]

1. d4 c5 2. d5 e5 3. e4 d6 4. Nc3 Be7 5. Nf3 Bg4 6. Be2 Bxf3 7. Bxf3 Bg5 8. O-O
Bxc1 9. Qxc1 Nh6 10. g3 O-O 11. Bg2 Nd7 12. Qd2 a6 13. f4 c4 14. Kh1 b5 15. b4
cxb3 16. cxb3 Ng4 17. Rac1 Qb6 18. Bf3 Ngf6 19. g4 exf4 20. g5 Ne8 21. Ne2 Qe3
22. Qd1 Ne5 23. Rc3 Qb6 24. Nxf4 b4 25. Rc2 Nc7 26. Qe1 a5 27. Rg2 Nb5 28. Rg3
Nc3 29. Bg2 Qd8 30. a4 Re8 31. Qf2 Qe7 32. Nh5 Ng6 33. Rg4 Qa7 34. Qd2 Re5 35.
Ng3 Rae8 36. h4 Qd7 37. Bf3 Nf8 38. Kh2 g6 39. h5 Qa7 40. Rf4 R8e7 41. hxg6
hxg6 42. Rh4 Nh7 43. Kg2 Rxg5 44. Rxh7 Rxg3+ 45. Kxg3 Kxh7 46. Rh1+ Kg8 47. Qh6
Qd4 48. Qh4 Kf8 49. Qg4 Nxe4+ 50. Kh2 Qb2+ 51. Bg2 Re5 52. Rd1 Rh5+ 53. Kg1
Qf2# 0-1

[Event "25. Torneo Colllado Villalba"]
[Site "Collado Villalba ESP"]
[Date "2008.08.23"]
[Round "2.11"]
[White "Torres Grajales, Ramon"]
[Black "Petkov, Vladimir"]
[Result "0-1"]
[WhiteElo "2103"]
[BlackElo "2423"]
[PlyCount "44"]
[EventDate "2008.08.22"]
[EventType "swiss"]
[EventRounds "9"]
[EventCountry "ESP"]
[Source "lmi"]
[SourceDate "2008.08.22"]

1. e4 c5 2. Nf3 d6 3. d4 cxd4 4. Nxd4 Nf6 5. Nc3 a6 6. Bc4 e6 7. Bb3 b5 8. f4
b4 9. Na4 Bb7 10. O-O Bxe4 11. f5 e5 12. Bg5 Nbd7 13. Ne2 Be7 14. Ng3 Bc6 15.
Nh5 O-O 16. Nxf6+ Nxf6 17. Be3 d5 18. g4 d4 19. Bd2 Ne4 20. Bc1 Rc8 21. Re1 Bh4
22. Rf1 Ng5 0-1

[Event "25. Torneo Colllado Villalba"]
[Site "Collado Villalba ESP"]
[Date "2008.08.23"]
[Round "2.13"]
[White "Arauz Alonso, Fernando"]
[Black "Gallardo Garcia, Andres"]
[Result "0-1"]
[WhiteElo "2097"]
[BlackElo "2408"]
[PlyCount "78"]
[EventDate "2008.08.22"]
[EventType "swiss"]
[EventRounds "9"]
[EventCountry "ESP"]
[Source "lmi"]
[SourceDate "2008.08.22"]

1. e4 c5 2. d3 Nc6 3. Nf3 Nf6 4. g3 d5 5. Nbd2 g6 6. Bg2 Bg7 7. O-O O-O 8. c3
e5 9. Qc2 d4 10. Rd1 Bd7 11. h3 Ne8 12. Nf1 Nd6 13. a4 a6 14. N3d2 Rc8 15. c4
Nb4 16. Qb3 b5 17. axb5 axb5 18. f4 Be6 19. Nh2 Rb8 20. fxe5 Bxe5 21. Nhf3 Bg7
22. e5 bxc4 23. Qa4 Nf5 24. Ne4 Nxd3 25. Bg5 Qb6 26. Rxd3 cxd3 27. Nf6+ Kh8 28.
Nd2 h6 29. g4 Ng3 30. Bd5 hxg5 31. Nc4 Qc7 32. Bxe6 fxe6 33. Qd7 Qb7 34. Qxb7
Rxb7 35. Kf2 Ne4+ 36. Ke1 Bxf6 37. exf6 Rxf6 38. Ne5 d2+ 39. Ke2 d1=Q+ 0-1